Social and stylistic variation in spoken French (Record no. 1448)
[ view plain ]
| 000 -LEADER | |
|---|---|
| fixed length control field | 01315nam a22003251a 4500 |
| 100 1# - MAIN ENTRY--AUTHOR NAME | |
| Personal name | Armstrong, Nigel. |
| 245 10 - TITLE STATEMENT | |
| Title | Social and stylistic variation in spoken French |
| 260 ## - PUBLICATION, DISTRIBUTION, ETC. (IMPRINT) | |
| Place of publication | Amsterdam ; |
| -- | Philadelphia : |
| Name of publisher | John Benjamins Pub. Co., |
| Year of publication | 2001. |
| 300 ## - PHYSICAL DESCRIPTION | |
| Number of Pages | viii, 277 p. : |
| Other physical details | ill. |
| 490 1# - SERIES STATEMENT | |
| Series statement | Impact ; |
| 650 #0 - SUBJECT ADDED ENTRY--TOPICAL TERM | |
| Topical Term | French language |
| Topical Term | French language |
| 856 40 - ELECTRONIC LOCATION AND ACCESS | |
| Uniform Resource Identifier | http://site.ebrary.com/lib/rucke/Doc?id=5004942 |
No items available.
